000 01205cam a22002891 4500
001 l 32000139
003 DLC
005 20260227111534.0
008 890809s1932 dcu f000 0 eng
010 _al 32000139
035 _a(OCoLC)20151306
040 _aDLC
_cPEL
_dPEL
_dOCoLC
_dDLC
042 _apremarc
050 0 0 _aHD8051
_b.A62 no. 569
110 1 _aMexico.
240 1 0 _aLaws, etc.
245 1 0 _aLabor legislation of Mexico ...
_bOctober, 1932.
260 _aWashington,
_bU.S. Govt. print. off.,
_c1932.
300 _aiii, 87 p.
_c23 cm.
490 0 _aBulletin of the United States Bureau of labor statistics,
_vno. 569. Foreign labor laws series
500 _aAt head of title: United States Department of labor. W.N. Doak, secretary. Bureau of labor statistics. Charles E. Baldwin, acting commissioner.
500 _a"This translation of the labor law of Mexico was made under the direction of Ethel Y. Larson of the Bureau of labor statistics."--Acknowledgement.
500 _aIssued also as House doc. 366, 72d Cong., 1st sess.
650 0 _aLabor laws and legislation
_zMexico.
700 1 _aLarson, Ethel Yohe.
710 1 _aUnited States.
_bBureau of Labor Statistics.
999 _c36070
_d36070